01405nam a2200349Ia 4500001001200000003000800012006001900020007001500039008004100054020002500095020002200120040002100142035002100163050002300184082001900207100002500226245011200251260003500363300002300398490003700421504005100458533015200509650006100661650002500722650003100747650004800778655002900826710001700855830003800872856012600910999001901036ebr10424515CaPaEBRm u cr cn|||||||||091118s2010 enka sb 001 0 eng d z9781848851061 (hbk.) z1848851065 (hbk.) aCaPaEBRcCaPaEBR a(OCoLC)68065243014aPN808b.C38 2010eb04a809.9338582221 aCavaliero, Roderick.10aOttomaniah[electronic resource] :bthe Romantics and the myth of the Islamic Orient /cRoderick Cavaliero. aLondon :bI. B. Tauris,c2010. axx, 252 p. :bill.1 aLibrary of Ottoman studies ;v24 aIncludes bibliographical references and index. aElectronic reproduction.bPalo Alto, Calif. :cebrary,d2011.nAvailable via World Wide Web.nAccess may be limited to ebrary affiliated libraries. 0aLiterature, Moderny19th centuryxHistory and criticism. 0aRomanticismzEurope. 0aOrientalism in literature. 0aOrientalismzEuropexHistoryy19th century. 7aElectronic books.2local2 aebrary, Inc. 0aLibrary of Ottoman studies ;v24.40uhttp://site.ebrary.com/lib/rucke/Doc?id=10424515zAn electronic book accessible through the World Wide Web; click to view c239018d239018